Xây dựng hệ thống và hướng dẫn giải bài tập chương "Sóng cơ và sóng âm" vật lý lớp 12 cơ bản theo hướng tích cực hóa hoạt động học tập nhắm bồi dưỡng năng lực sáng tạo của học sinh.
Cơ sở lý luận và thực tiễn của đề tài. Xây dựng hệ thống và hướng dẫn giải bài tập chương "Sóng cơ và sóng âm" vật lý lớp 12 cơ bản theo hướng tích cực hóa hoạt động học tập nhắm bồi dưỡng năng lực sáng tạo của học sinh....
সংরক্ষণ করুন:
| প্রধান লেখক: | |
|---|---|
| অন্যান্য লেখক: | |
| বিন্যাস: | গ্রন্থ |
| প্রকাশিত: |
Hà nội
Đại học Quốc gia Hà Nội - Trường ĐH Giáo dục
2013
|
| বিষয়গুলি: | |
| ট্যাগগুলো: |
ট্যাগ যুক্ত করুন
কোনো ট্যাগ নেই, প্রথমজন হিসাবে ট্যাগ করুন!
|
| Thư viện lưu trữ: | Mạng thư viện Đại học Đà Nẵng |
|---|
| LEADER | 02113nam a2200385 4500 | ||
|---|---|---|---|
| 001 | 000020376 | ||
| 003 | 16821 | ||
| 005 | 20150317080314.0 | ||
| 008 | 150317s2013 sd | ||
| 082 | 1 | 4 | |a 531.1133076 |b NG-T |
| 100 | |a Nguyễn Thị Huyền Trang | ||
| 245 | 1 | |a Xây dựng hệ thống và hướng dẫn giải bài tập chương "Sóng cơ và sóng âm" vật lý lớp 12 cơ bản theo hướng tích cực hóa hoạt động học tập nhắm bồi dưỡng năng lực sáng tạo của học sinh. |c Nguyễn Thị Huyền Trang ; Nguyễn Huy Sinh hướng dẫn. |k Luận văn Thạc sĩ | |
| 260 | |a Hà nội |b Đại học Quốc gia Hà Nội - Trường ĐH Giáo dục |c 2013 | ||
| 300 | |a 87 tr. |c 29 cm. | ||
| 500 | |a Luận văn thạc sĩ Khoa học. Chuyên ngành: Lý luận và phương pháp dạy học ( bộ môn Vật Lý). Mã số: 60.14.10 | ||
| 520 | |a Cơ sở lý luận và thực tiễn của đề tài. Xây dựng hệ thống và hướng dẫn giải bài tập chương "Sóng cơ và sóng âm" vật lý lớp 12 cơ bản theo hướng tích cực hóa hoạt động học tập nhắm bồi dưỡng năng lực sáng tạo của học sinh. | ||
| 650 | 0 | 4 | |a Sóng cơ |v Luận văn tôt nghiệp |x Hệ thống bài tập |
| 650 | 0 | 4 | |a Sóng âm |v Luận văn tôt nghiệp |x Phương pháp dạy học |
| 653 | |a Giáo dục THPT | ||
| 653 | |a Vật lý 12 | ||
| 653 | |a Phương pháp dạy học | ||
| 653 | |a Phướng pháp dạy học môn Lý | ||
| 653 | |a Sóng âm | ||
| 653 | |a Sóng cơ | ||
| 700 | 1 | |a Nguyễn Huy Sinh |c GS.TS |e Hướng dẫn | |
| OWN | |a LSP | ||
| AVA | |a UDN50 |b LSP |d 531.1133076 NG-T |e available |t Error 5001 Not defined in file expand_doc_bib_avail. |f 1 |g 0 |h N |i 0 |k 1 | ||
| 999 | |a From the UDN01 | ||
| AVA | |a UDN50 |b LSP |d 531.1133076 NG-T |e available |t Error 5001 Not defined in file expand_doc_bib_avail. |f 1 |g 0 |h N |i 0 |k 1 | ||
| TYP | |a Monograph | ||
| TYP | |a Printed language | ||
| 980 | |a Mạng thư viện Đại học Đà Nẵng | ||